[Event "2. Bundesliga Ost 2008/2009"]
[Site "3-5.10.Bruck,22-23.11.Poechlarn,17-18.1.Wr.Neust,28
[Date "2009.01.17"]
[Round "6"]
[Board "2"]
[White "Vyskocil, Neklan"]
[Black "Papp, Gabor"]
[Result "0-1"]
[WhiteElo "2315"]
[BlackElo "2509"]
[PlyCount "76"]
[EventDate "2008.10.03"]
[EventType "team"]
[EventRounds "11"]
[EventCountry "AUT"]
[WhiteTeam "SK Zwettl"]
[BlackTeam "ASVOE SK Lackenbach"]

1.e4 c5 2.Nf3 d6 3.d4 cxd4 4.Nxd4 Nf6 5.Nc3 a6 6.Bc4 e6 7.Bb3 b5 8.Bg5 Be7 9.Qf3
Qb6 10.O-O-O O-O 11.e5 dxe5 12.Bxf6 Bxf6 13.Nf5 Bb7 14.Qe3 Qxe3+ 15.Nxe3 Bg5
16.Rhg1 Bc6 17.Kb1 Nd7 18.a3 Rac8 19.Ba2 h5 20.Rge1 Rfd8 21.f3 h4 22.h3 Nf6
23.Ng4 Nxg4 24.hxg4 Rxd1+ 25.Rxd1 h3 26.gxh3 Bxf3 27.Re1 Rxc3 28.bxc3 e4 29.c4
Bd2 30.Rg1 e3 31.cxb5 axb5 32.c4 e2 33.cxb5 e1=Q+ 34.Rxe1 Bxe1 35.Kb2 Kf8 36.Bc4
Ke7 37.Bd3 Kd6 38.a4 Kc5

[Event "2. Bundesliga Ost 2008/2009"]
[Site "3-5.10.Bruck,22-23.11.Poechlarn,17-18.1.Wr.Neust,28
[Date "2009.01.17"]
[Round "6"]
[Board "3"]
[White "Stranz, Richard"]
[Black "Wagner, Stefan"]
[Result "1/2-1/2"]
[WhiteElo "2253"]
[BlackElo "2133"]
[PlyCount "111"]
[EventDate "2008.10.03"]
[EventType "team"]
[EventRounds "11"]
[EventCountry "AUT"]
[WhiteTeam "ASVOE SK Lackenbach"]
[BlackTeam "SK Zwettl"]

1.e4 e5 2.Nf3 Nc6 3.d4 exd4 4.Bc4 Nf6 5.e5 d5 6.Bb5 Ne4 7.Nxd4 Bd7 8.Bxc6 bxc6
9.O-O Bc5 10.f3 Ng5 11.f4 Ne4 12.Be3 Qe7 13.Nd2 g5 14.Nxe4 dxe4 15.Qh5 g4
16.Rae1 O-O-O 17.Nb3 Bb6 18.a4 f5 19.exf6 Qxf6 20.a5 Bxe3+ 21.Rxe3 Bf5 22.Qg5
Qxg5 23.fxg5 Rd5 24.Kf2 Rg8 25.Kg3 Rxg5 26.c4 Re5 27.Nd4 Bd7 28.a6 Re8 29.Rf6 c5
30.Nb3 Ba4 31.Na5 h5 32.Kf4 Rge5 33.b3 Bd7 34.g3 R5e6 35.Rxe6 Rxe6 36.Nb7 Rf6+
37.Kg5 Rf5+ 38.Kg6 Re5 39.Kf6 Re6+ 40.Kg5 Re5+ 41.Kf4 Rf5+ 42.Kxe4 Rf2 43.Kd5
Rf5+ 44.Ke4 Rf2 45.Nxc5 Rxh2 46.Rd3 Re2+ 47.Kf4 Bc6 48.Re3 Rf2+ 49.Kg5 Bd7
50.Re5 Rf3 51.Kh4 c6 52.Rxh5 Bf5 53.Rh6 Kc7 54.Kg5 Bc8 55.b4 Rxg3 56.b5

[Event "2. Bundesliga Ost 2008/2009"]
[Site "3-5.10.Bruck,22-23.11.Poechlarn,17-18.1.Wr.Neust,28
[Date "2009.01.17"]
[Round "6"]
[Board "4"]
[White "Vykydal, Frantisek"]
[Black "Herbst, Daniel"]
[Result "1-0"]
[WhiteElo "2246"]
[BlackElo "2213"]
[PlyCount "67"]
[EventDate "2008.10.03"]
[EventType "team"]
[EventRounds "11"]
[EventCountry "AUT"]
[WhiteTeam "SK Zwettl"]
[BlackTeam "ASVOE SK Lackenbach"]

1.e4 c5 2.Nc3 a6 3.a4 d6 4.g3 Nc6 5.Bg2 g6 6.d3 Bg7 7.Nge2 e6 8.Be3 Nd4 9.Qd2
Qa5 10.Bxd4 cxd4 11.Nb1 Qh5 12.Na3 b5 13.axb5 axb5 14.O-O Rb8 15.f4 Ne7 16.f5
gxf5 17.exf5 Nxf5 18.Bc6+ Bd7 19.Rxf5 Qxf5 20.Rf1 Qxf1+ 21.Kxf1 Bxc6 22.Qb4 Ke7
23.Nxd4 Bxd4 24.Qxd4 e5 25.Qh4+ f6 26.d4 Bd5 27.dxe5 dxe5 28.Qb4+ Kd7 29.Nxb5
Rb6 30.Qc5 Rxb5 31.Qxb5+ Bc6 32.Qd3+ Ke7 33.Ke2 e4 34.Qa6

[Event "2. Bundesliga Ost 2008/2009"]
[Site "3-5.10.Bruck,22-23.11.Poechlarn,17-18.1.Wr.Neust,28
[Date "2009.01.17"]
[Round "6"]
[Board "5"]
[White "Galavics, Hermann"]
[Black "Janetschek, Karl"]
[Result "1/2-1/2"]
[WhiteElo "2017"]
[BlackElo "2267"]
[PlyCount "81"]
[EventDate "2008.10.03"]
[EventType "team"]
[EventRounds "11"]
[EventCountry "AUT"]
[WhiteTeam "ASVOE SK Lackenbach"]
[BlackTeam "SK Zwettl"]

1.d4 e6 2.c4 Nf6 3.Nf3 Bb4+ 4.Bd2 a5 5.g3 b6 6.Bg2 Bb7 7.Nc3 O-O 8.O-O d6 9.Rc1
Nbd7 10.a3 Bxc3 11.Bxc3 Ne4 12.Nd2 Nxc3 13.Rxc3 Bxg2 14.Kxg2 f5 15.e3 Nf6 16.b4
axb4 17.axb4 Ra2 18.Rc2 Qa8+ 19.Kg1 Qa4 20.Rxa2 Qxa2 21.Qc1 h6 22.Rd1 Ra8 23.b5
e5 24.c5 exd4 25.exd4 dxc5 26.dxc5 Rd8 27.cxb6 cxb6 28.Nf3 Rxd1+ 29.Qxd1 Qd5
30.Qxd5+ Nxd5 31.Nh4 f4 32.gxf4 Kf7 33.Kg2 Nc3 34.Nf3 Ke6 35.Nd4+ Kd5 36.Nf5
Nxb5 37.Nxg7 Nd6 38.Kf3 b5 39.Ke3 b4 40.Kd3 b3 41.Kc3

[Event "2. Bundesliga Ost 2008/2009"]
[Site "3-5.10.Bruck,22-23.11.Poechlarn,17-18.1.Wr.Neust,28
[Date "2009.01.17"]
[Round "6"]
[Board "1"]
[White "Beim, Valeri"]
[Black "Pinter, Erik"]
[Result "1-0"]
[WhiteElo "2506"]
[BlackElo "2415"]
[PlyCount "123"]
[EventDate "2008.10.03"]
[EventType "team"]
[EventRounds "11"]
[EventCountry "AUT"]
[WhiteTeam "SV Tschaturanga Neubau"]
[BlackTeam "Blackburne Nickelsdorf"]

1.c4 g6 2.e4 c5 3.Nf3 Nc6 4.d4 cxd4 5.Nxd4 Nf6 6.Nc3 Nxd4 7.Qxd4 d6 8.Be3 Bg7
9.Be2 O-O 10.Qd2 a5 11.O-O a4 12.f3 Qa5 13.Rfc1 Be6 14.Rab1 Rfc8 15.b4 axb3
16.axb3 Qb4 17.Rc2 Nd7 18.Nb5 Qxd2 19.Rxd2 Nc5 20.Rc2 Bd7 21.Nc3 Be6 22.Nd5 Bxd5
23.cxd5 Na6 24.Rbc1 Rxc2 25.Rxc2 Kf8 26.g4 Nc5 27.b4 Na6 28.Bxa6 bxa6 29.Ra2 Rb8
30.Bd2 Bd4+ 31.Kf1 Rb6 32.Ke2 Bg1 33.Kd3 Ke8 34.Bc3 Rb8 35.h3 Kd7 36.Rxa6 Kc7
37.Ra1 Bb6 38.Ra2 f6 39.h4 Rg8 40.Rg2 Rf8 41.f4 Rg8 42.g5 fxg5 43.hxg5 Rf8
44.Rg4 Kd7 45.Rh4 Rf7 46.Bd2 Bf2 47.Rh2 Bb6 48.Rh6 Bf2 49.Rh2 Bb6 50.Rh1 Ba7
51.Ra1 Bb8 52.Ra8 Kc8 53.Be3 Kb7 54.Ra1 Rf8 55.Ke2 Kc8 56.Rh1 Rf7 57.Rf1 Kd7
58.f5 gxf5 59.exf5 Rf8 60.Kd3 Bc7 61.Ke4 Rb8 62.Bd2

[Event "2. Bundesliga Ost 2008/2009"]
[Site "3-5.10.Bruck,22-23.11.Poechlarn,17-18.1.Wr.Neust,28
[Date "2009.01.17"]
[Round "6"]
[Board "2"]
[White "Vlcek, Stanislav"]
[Black "Kleiser, Gregor"]
[Result "0-1"]
[WhiteElo "2312"]
[BlackElo "2326"]
[PlyCount "92"]
[EventDate "2008.10.03"]
[EventType "team"]
[EventRounds "11"]
[EventCountry "AUT"]
[WhiteTeam "Blackburne Nickelsdorf"]
[BlackTeam "SV Tschaturanga Neubau"]

1.e4 c5 2.Nf3 d6 3.d4 cxd4 4.Nxd4 Nf6 5.Nc3 a6 6.f4 e5 7.Nf3 exf4 8.Bxf4 Qb6
9.Qd2 Qxb2 10.Rb1 Qa3 11.Bd3 Be7 12.O-O Nbd7 13.Nd5 Nxd5 14.exd5 O-O 15.Rb3 Qc5+
16.Kh1 Qc7 17.Bg5 Nc5 18.Rb4 Qd8 19.Rh4 h6 20.Bxe7 Qxe7 21.Re1 Qf6 22.Rf4 Qd8
23.c4 Nxd3 24.Qxd3 Re8 25.Rf1 Re7 26.c5 dxc5 27.d6 Re6 28.Rxf7 Kxf7 29.Ng5+ Ke8
30.Qf5 Qf6 31.Nxe6 Bxe6 32.Qh5+ Bf7 33.d7+ Kd8 34.Rxf6 Bxh5 35.Rf8+ Kxd7 36.Rxa8
c4 37.Rf8 c3 38.Rf2 Bd1 39.Rf5 c2 40.Rc5 Kd6 41.Rc8 Kd5 42.Kg1 Kd4 43.Kf2 Kd3
44.Ke1 Bg4 45.Rc7 Be6 46.a3 Bc4

[Event "2. Bundesliga Ost 2008/2009"]
[Site "3-5.10.Bruck,22-23.11.Poechlarn,17-18.1.Wr.Neust,28
[Date "2009.01.17"]
[Round "6"]
[Board "3"]
[White "Ernst, Michael"]
[Black "Koffler, Daniel"]
[Result "1/2-1/2"]
[WhiteElo "2195"]
[BlackElo "2250"]
[PlyCount "78"]
[EventDate "2008.10.03"]
[EventType "team"]
[EventRounds "11"]
[EventCountry "AUT"]
[WhiteTeam "SV Tschaturanga Neubau"]
[BlackTeam "Blackburne Nickelsdorf"]

1.d4 Nf6 2.Bf4 g6 3.e3 Bg7 4.Nf3 d6 5.Be2 O-O 6.h3 c5 7.c3 b6 8.O-O Bb7 9.Nbd2
Nbd7 10.a4 a6 11.Qb3 e5 12.dxe5 dxe5 13.Bh2 e4 14.Ne1 Qe7 15.Rd1 Bd5 16.Bc4 Bc6
17.Nc2 Ne5 18.Be2 Nfd7 19.Na3 Rfd8 20.Ndc4 Nf3+ 21.gxf3 exf3 22.Bd3 Qg5+ 23.Bg3
h5 24.Kh2 h4 25.Rg1 hxg3+ 26.Rxg3 Qh5 27.Bxg6 fxg6 28.Ne5+ c4 29.Qxc4+ Kh7
30.Nxc6 Ne5 31.Nxe5 Bxe5 32.Rd4 Rxd4 33.cxd4 Bxg3+ 34.fxg3 Rf8 35.Qc7+ Kh6
36.Qe7 Rh8 37.Qf6 Rh7 38.Qf8+ Rg7 39.Qh8+ Rh7

[Event "2. Bundesliga Ost 2008/2009"]
[Site "3-5.10.Bruck,22-23.11.Poechlarn,17-18.1.Wr.Neust,28
[Date "2009.01.17"]
[Round "6"]
[Board "4"]
[White "Bachofner, Andreas"]
[Black "Zoernpfenning, Siegfried"]
[Result "1-0"]
[WhiteElo "2245"]
[BlackElo "2115"]
[PlyCount "84"]
[EventDate "2008.10.03"]
[EventType "team"]
[EventRounds "11"]
[EventCountry "AUT"]
[WhiteTeam "Blackburne Nickelsdorf"]
[BlackTeam "SV Tschaturanga Neubau"]

1.e4 c6 2.d4 d5 3.exd5 cxd5 4.Bd3 Nc6 5.c3 Nf6 6.Bf4 e6 7.Nf3 Bd6 8.Bg3 Qc7
9.Nbd2 Nh5 10.Bxd6 Qxd6 11.g3 f5 12.Ne5 Nf6 13.Qe2 O-O 14.f4 Ne4 15.Ndf3 Bd7
16.Nxc6 bxc6 17.Ne5 Be8 18.Qe3 a5 19.O-O Bf7 20.Rac1 Rfc8 21.Bxe4 dxe4 22.Nc4
Qb8 23.Rf2 Qa7 24.b4 axb4 25.cxb4 e5 26.fxe5 Bxc4 27.Rxc4 Qf7 28.Rcc2 Qh5 29.Rc1
Rcb8 30.a3 Ra6 31.Rfc2 Rba8 32.Rc3 h6 33.Rf1 Kh8 34.Qf4 Rf8 35.e6 Qe8 36.Qe5 Rf6
37.Rxf5 Rxe6 38.Rf8+ Qxf8 39.Qxe6 Qa8 40.b5 Rxa3 41.Rxa3 Qxa3 42.Qe8+ Kh7

[Event "2. Bundesliga Ost 2008/2009"]
[Site "3-5.10.Bruck,22-23.11.Poechlarn,17-18.1.Wr.Neust,28
[Date "2009.01.17"]
[Round "6"]
[Board "5"]
[White "Neff, Gregor"]
[Black "Bachofner, Christian"]
[Result "0-1"]
[WhiteElo "2134"]
[BlackElo "2110"]
[PlyCount "50"]
[EventDate "2008.10.03"]
[EventType "team"]
[EventRounds "11"]
[EventCountry "AUT"]
[WhiteTeam "SV Tschaturanga Neubau"]
[BlackTeam "Blackburne Nickelsdorf"]

1.d4 d5 2.Nf3 Nf6 3.g3 c6 4.Bg2 Bf5 5.O-O h6 6.c4 e6 7.Nc3 Nbd7 8.Nd2 Be7 9.e4
dxe4 10.Ndxe4 Nxe4 11.Nxe4 O-O 12.Bf4 Nf6 13.Nc3 Qb6 14.Qd2 Rad8 15.c5 Qa6
16.Rfd1 Bxc5 17.dxc5 Rxd2 18.Rxd2 Nd5 19.Nxd5 exd5 20.a3 Qa5 21.b4 Qd8 22.a4 Re8
23.b5 Qf6 24.Rc1 Be4 25.Bf1 g5

[Event "2. Bundesliga Ost 2008/2009"]
[Site "3-5.10.Bruck,22-23.11.Poechlarn,17-18.1.Wr.Neust,28
[Date "2009.01.17"]
[Round "6"]
[Board "6"]
[White "Steinert, Martin"]
[Black "Petschar, Hans"]
[Result "0-1"]
[WhiteElo "2058"]
[BlackElo "2075"]
[PlyCount "118"]
[EventDate "2008.10.03"]
[EventType "team"]
[EventRounds "11"]
[EventCountry "AUT"]
[WhiteTeam "Blackburne Nickelsdorf"]
[BlackTeam "SV Tschaturanga Neubau"]

1.d4 Nf6 2.c4 c5 3.d5 b5 4.g3 d6 5.Bg2 g6 6.Nf3 Bb7 7.Qc2 Bg7 8.Bf4 O-O 9.e4
Nxe4 10.O-O Nf6 11.Nc3 bxc4 12.Nd2 Nbd7 13.Nxc4 Ba6 14.Qa4 Bxc4 15.Qxc4 Rb8
16.Qe2 Re8 17.Rad1 Qa5 18.Bc1 Nb6 19.f4 Na4 20.Nxa4 Qxa4 21.b3 Qb5 22.Qc2 a5
23.f5 Ng4 24.fxg6 hxg6 25.Bh3 Ne5 26.Bf4 Rf8 27.Kg2 c4 28.Bxe5 cxb3 29.axb3 Bxe5
30.Rf3 Kg7 31.Qf2 Qc5 32.Qd2 Rb4 33.Rd3 Qb6 34.Qe3 Rb8 35.Qf3 Rxb3 36.Rf1 Bf6
37.g4 Rxd3 38.Qxd3 Qb3 39.Qxb3 Rxb3 40.Rf4 Rd3 41.Ra4 Rxd5 42.Kf1 Bc3 43.Ke2
Rd2+ 44.Kf3 d5 45.Bf1 e5 46.h4 Bd4 47.Ba6 Bc3 48.g5 f5 49.Bb7 Bb4 50.Ra1 d4
51.Rc1 e4+ 52.Bxe4 fxe4+ 53.Kxe4 Bc3 54.Rf1 Rh2 55.Rf4 a4 56.Kd5 Rb2 57.Rf6 Rb5+
58.Kc4 Ra5 59.Rb6 Ra7

[Event "2. Bundesliga Ost 2008/2009"]
[Site "3-5.10.Bruck,22-23.11.Poechlarn,17-18.1.Wr.Neust,28
[Date "2009.01.17"]
[Round "6"]
[Board "1"]
[White "Videki, Sandor"]
[Black "Stohl, Igor"]
[Result "1/2-1/2"]
[WhiteElo "2428"]
[BlackElo "2531"]
[PlyCount "26"]
[EventDate "2008.10.03"]
[EventType "team"]
[EventRounds "11"]
[EventCountry "AUT"]
[WhiteTeam "Spg Data Technlogy Eichgraben/P."]
[BlackTeam "SK Advisory Invest Baden"]

1.e4 c5 2.Nf3 e6 3.d4 cxd4 4.Nxd4 Nf6 5.Nc3 d6 6.g3 Nc6 7.Bg2 Bd7 8.O-O a6 9.a4
Be7 10.Nb3 Na5 11.Nd4 Nc6 12.Nb3 Na5 13.Nd4 Nc6

[Event "2. Bundesliga Ost 2008/2009"]
[Site "3-5.10.Bruck,22-23.11.Poechlarn,17-18.1.Wr.Neust,28
[Date "2009.01.17"]
[Round "6"]
[Board "2"]
[White "Loeffler, Stefan"]
[Black "Ganaus, Hannes"]
[Result "1/2-1/2"]
[WhiteElo "2411"]
[BlackElo "2275"]
[PlyCount "187"]
[EventDate "2008.10.03"]
[EventType "team"]
[EventRounds "11"]
[EventCountry "AUT"]
[WhiteTeam "SK Advisory Invest Baden"]
[BlackTeam "Spg Data Technlogy Eichgraben/P."]

1.Nf3 g6 2.e4 Bg7 3.d4 d6 4.c4 Bg4 5.Be2 c6 6.Be3 Bxf3 7.Bxf3 Qb6 8.O-O Qxb2
9.Nd2 Qb6 10.c5 dxc5 11.d5 Qc7 12.e5 cxd5 13.Bxd5 Nc6 14.Nc4 Nxe5 15.Nxe5 Bxe5
16.Rb1 Rb8 17.Qa4+ Kf8 18.Qc4 Kg7 19.f4 Bd6 20.Bxf7 b5 21.Rxb5 Rxb5 22.Be8 Nh6
23.Bxb5 Rf8 24.Bd2 Nf5 25.Bc3+ Nd4 26.g3 Rf6 27.Ba4 Qb7 28.Bb3 Kh6 29.Bd1 Qe4
30.Bxd4 Qxd4+ 31.Qxd4 cxd4 32.Bg4 Bc5 33.Rc1 Bb6 34.Re1 Bc5 35.Re5 Rc6 36.Bf3
Rc7 37.Kf1 Bd6 38.Re2 Rc1+ 39.Kg2 d3 40.Re3 Rc2+ 41.Kh3 Rxa2 42.Rxd3 Kg7 43.Bd5
Rc2 44.Rb3 Rd2 45.Bc4 a5 46.Rb7 Rd4 47.Ba2 a4 48.Ra7 a3 49.Ra8 Rd2 50.Bb3 Rb2
51.Bc4 Rc2 52.Bd5 Rd2 53.Rg8+ Kh6 54.Be6 Re2 55.Bc4 Rb2 56.Be6 Rb8 57.Rxb8 Bxb8
58.Kg4 Kg7 59.h4 Kf6 60.Ba2 h5+ 61.Kf3 Ba7 62.g4 Bc5 63.Bb3 Bb4 64.g5+ Kf5
65.Bc2+ Ke6 66.Bb3+ Kd6 67.f5 gxf5 68.g6 Bc3 69.Kf4 e6 70.Kg5 Ke7 71.Kxh5 Kf8
72.Bxe6 Bd2 73.Ba2 Kg7 74.Bb1 Kf6 75.Ba2 Kg7 76.Bb1 Bh6 77.Ba2 f4 78.Kg4 Kxg6
79.h5+ Kf6 80.Kf3 Ke5 81.Ke2 Kd4 82.Kd2 Ke4 83.Bb1+ Kd4 84.Kc2 f3 85.Kd1 Ke3
86.Ke1 Bg5 87.Ba2 Kf4 88.Bd5 Kg4 89.Kf2 Bh4+ 90.Kf1 Bf6 91.h6 Kf4 92.h7 Bd4
93.Bg8 Ke4 94.Bf7

[Event "2. Bundesliga Ost 2008/2009"]
[Site "3-5.10.Bruck,22-23.11.Poechlarn,17-18.1.Wr.Neust,28
[Date "2009.01.17"]
[Round "6"]
[Board "3"]
[White "Neumeier, Klaus"]
[Black "Lendwai, Reinhard"]
[Result "1/2-1/2"]
[WhiteElo "2319"]
[BlackElo "2418"]
[PlyCount "33"]
[EventDate "2008.10.03"]
[EventType "team"]
[EventRounds "11"]
[EventCountry "AUT"]
[WhiteTeam "Spg Data Technlogy Eichgraben/P."]
[BlackTeam "SK Advisory Invest Baden"]

1.e4 c6 2.d4 d5 3.e5 Bf5 4.Nf3 e6 5.Be2 Nd7 6.O-O h6 7.Nbd2 Bh7 8.Nb3 Ne7 9.a4
Ng6 10.a5 a6 11.c3 Be7 12.Re1 O-O 13.Bd3 Qc7 14.Qc2 Rfc8 15.Be3 Ngf8 16.Bxh7+
Nxh7 17.Qd2

[Event "2. Bundesliga Ost 2008/2009"]
[Site "3-5.10.Bruck,22-23.11.Poechlarn,17-18.1.Wr.Neust,28
[Date "2009.01.17"]
[Round "6"]
[Board "4"]
[White "Sulyok, Michael"]
[Black "Weissenbeck, Manuel"]
[Result "1/2-1/2"]
[WhiteElo "2227"]
[BlackElo "2279"]
[PlyCount "96"]
[EventDate "2008.10.03"]
[EventType "team"]
[EventRounds "11"]
[EventCountry "AUT"]
[WhiteTeam "SK Advisory Invest Baden"]
[BlackTeam "Spg Data Technlogy Eichgraben/P."]

1.c4 Nf6 2.Nc3 e5 3.g3 Bb4 4.Bg2 O-O 5.Nf3 Re8 6.O-O c6 7.Qb3 Na6 8.d4 d6 9.dxe5
dxe5 10.Rd1 Qa5 11.Bd2 e4 12.a3 exf3 13.axb4 Qxb4 14.Qxb4 Nxb4 15.Bxf3 Nc2
16.Ra4 Nd4 17.Bg2 Nxe2+ 18.Nxe2 Rxe2 19.Be3 Bg4 20.Rxa7 Re8 21.Rc1 Rxb2 22.Bd4
Rb4 23.h3 Bf5 24.Bf1 h6 25.g4 Bd7 26.Rd1 Be6 27.Bc5 Rb3 28.Re1 Nd7 29.Bd4 c5
30.Ba1 g6 31.Bg2 Rb8 32.Rd1 h5 33.gxh5 gxh5 34.Bd5 Nb6 35.Bxe6 fxe6 36.Be5 Rc8
37.Rxb7 Nxc4 38.Rxb3 Nxe5 39.Re3 Ng6 40.Rxe6 Nf4 41.Re3 c4 42.Rf3 Nd3 43.Kf1 Kg7
44.Ke2 Rc5 45.Rg1+ Kh6 46.Kd2 Re5 47.Rf6+ Kh7 48.f3 Ra5

[Event "2. Bundesliga Ost 2008/2009"]
[Site "3-5.10.Bruck,22-23.11.Poechlarn,17-18.1.Wr.Neust,28
[Date "2009.01.17"]
[Round "6"]
[Board "5"]
[White "Hechl, Gerald"]
[Black "Geismann, Bernhard"]
[Result "1-0"]
[WhiteElo "2218"]
[BlackElo "2131"]
[PlyCount "51"]
[EventDate "2008.10.03"]
[EventType "team"]
[EventRounds "11"]
[EventCountry "AUT"]
[WhiteTeam "Spg Data Technlogy Eichgraben/P."]
[BlackTeam "SK Advisory Invest Baden"]

1.d4 d5 2.c4 Nc6 3.cxd5 Qxd5 4.e3 e5 5.Nc3 Bb4 6.Bd2 Bxc3 7.bxc3 Nf6 8.c4 Qd6
9.d5 Nb8 10.f3 Na6 11.Ne2 c6 12.e4 Nc5 13.Ng3 h5 14.h4 b5 15.dxc6 bxc4 16.Bxc4
Be6 17.Qc2 Qd4 18.Bxe6 Qxa1+ 19.Ke2 Qxh1 20.Bd7+ Ncxd7 21.cxd7+ Nxd7 22.Nxh1 O-O
23.Qc7 Nb6 24.Qxe5 Rfe8 25.Qxh5 Rad8 26.Nf2

[Event "2. Bundesliga Ost 2008/2009"]
[Site "3-5.10.Bruck,22-23.11.Poechlarn,17-18.1.Wr.Neust,28
[Date "2009.01.17"]
[Round "6"]
[Board "6"]
[White "Herndlbauer, Martin"]
[Black "Pichler, Michael"]
[Result "1-0"]
[WhiteElo "2122"]
[BlackElo "2166"]
[PlyCount "65"]
[EventDate "2008.10.03"]
[EventType "team"]
[EventRounds "11"]
[EventCountry "AUT"]
[WhiteTeam "SK Advisory Invest Baden"]
[BlackTeam "Spg Data Technlogy Eichgraben/P."]

1.e4 e6 2.d3 d5 3.Nd2 Ne7 4.g3 g6 5.Bg2 Bg7 6.Ngf3 c5 7.O-O Nbc6 8.Re1 O-O 9.h4
Qc7 10.Qe2 b6 11.e5 Bd7 12.Nf1 Nd4 13.Nxd4 cxd4 14.Bf4 Nf5 15.Nh2 Rae8 16.Qd2
Kh8 17.Nf3 Qd8 18.Re2 Bc8 19.Rae1 f6 20.g4 Nxh4 21.Nxh4 g5 22.exf6 Bxf6 23.Be5
gxh4 24.g5 Bxe5 25.Rxe5 Rg8 26.Qf4 Rg7 27.Qxd4 Qc7 28.c3 Reg8 29.b4 Bd7 30.R1e3
h6 31.Rh3 Kh7 32.Rxh4 Rxg5 33.Rxh6+

[Event "2. Bundesliga Ost 2008/2009"]
[Site "3-5.10.Bruck,22-23.11.Poechlarn,17-18.1.Wr.Neust,28
[Date "2009.01.17"]
[Round "6"]
[Board "1"]
[White "Farago, Ivan"]
[Black "Alvir, Aco"]
[Result "1-0"]
[WhiteElo "2489"]
[BlackElo "2386"]
[PlyCount "82"]
[EventDate "2008.10.03"]
[EventType "team"]
[EventRounds "11"]
[EventCountry "AUT"]
[WhiteTeam "ASVOE VHS Poechlarn"]
[BlackTeam "ASVOE Pamhagen"]

1.d4 Nf6 2.c4 g6 3.Nc3 Bg7 4.e4 d6 5.Be2 O-O 6.Bg5 Na6 7.Qd2 e5 8.d5 Bd7 9.Bd1
Nc5 10.Bc2 a5 11.Nge2 Qb8 12.O-O Qa7 13.h3 c6 14.dxc6 Bxc6 15.Bxf6 Bxf6 16.Qxd6
Ne6 17.Nd5 Bxd5 18.cxd5 Rfd8 19.Qa3 Nf4 20.Nc3 Qa6 21.Ba4 Rac8 22.Qb3 Be7 23.Bb5
Qb6 24.Rad1 Bb4 25.Kh2 Bxc3 26.bxc3 Qc5 27.a4 Rd6 28.Qb2 Rc7 29.c4 Re7 30.g3 Nh5
31.Qc3 b6 32.Rde1 g5 33.Qe3 Qxe3 34.Rxe3 Ng7 35.Rb1 f5 36.Bc6 f4 37.Reb3 fxg3+
38.fxg3 Ne6 39.Rxb6 Nc5 40.Rb8+ Kg7 41.R8b5 Nxe4

[Event "2. Bundesliga Ost 2008/2009"]
[Site "3-5.10.Bruck,22-23.11.Poechlarn,17-18.1.Wr.Neust,28
[Date "2009.01.17"]
[Round "6"]
[Board "2"]
[White "Franzen, Jozef"]
[Black "Kostic, Vladimir"]
[Result "0-1"]
[WhiteElo "2318"]
[BlackElo "2422"]
[PlyCount "70"]
[EventDate "2008.10.03"]
[EventType "team"]
[EventRounds "11"]
[EventCountry "AUT"]
[WhiteTeam "ASVOE Pamhagen"]
[BlackTeam "ASVOE VHS Poechlarn"]

1.e4 e6 2.d4 d5 3.Nd2 c5 4.Ngf3 cxd4 5.Nxd4 Nc6 6.Nxc6 bxc6 7.Bd3 Nf6 8.O-O Be7
9.Qe2 O-O 10.b3 a5 11.Bb2 a4 12.Rfe1 a3 13.Bc1 Bb4 14.Rd1 Bc3 15.Rb1 Qc7 16.Nf3
e5 17.Bg5 Nxe4 18.Bxe4 dxe4 19.Qxe4 Be6 20.Bd2 Bd5 21.Qf5 Bxd2 22.Rxd2 f6
23.Rbd1 Rad8 24.Ne1 Qe7 25.c4 Bf7 26.Qc2 Bh5 27.Rxd8 Rxd8 28.Rxd8+ Qxd8 29.Qd3
Qd4 30.Qxd4 exd4 31.Kf1 Bd1 32.b4 Bb3 33.Ke2 Bxa2 34.Nc2 Bxc4+ 35.Kd2 a2

[Event "2. Bundesliga Ost 2008/2009"]
[Site "3-5.10.Bruck,22-23.11.Poechlarn,17-18.1.Wr.Neust,28
[Date "2009.01.17"]
[Round "6"]
[Board "3"]
[White "Rumpl, Erwin"]
[Black "Vitouch, Anatol"]
[Result "1/2-1/2"]
[WhiteElo "2310"]
[BlackElo "2230"]
[PlyCount "56"]
[EventDate "2008.10.03"]
[EventType "team"]
[EventRounds "11"]
[EventCountry "AUT"]
[WhiteTeam "ASVOE VHS Poechlarn"]
[BlackTeam "ASVOE Pamhagen"]

1.Nf3 Nc6 2.d4 d5 3.Bf4 Bg4 4.e3 e6 5.Be2 Bd6 6.Bxd6 cxd6 7.O-O Nf6 8.c4 dxc4
9.Bxc4 O-O 10.Nc3 Qb6 11.Qb3 Qxb3 12.Bxb3 Bxf3 13.gxf3 d5 14.Rfc1 Rfc8 15.Kf1
Ne8 16.Ba4 a6 17.Bxc6 Rxc6 18.Na4 Rac8 19.Rc5 b6 20.Rxc6 Rxc6 21.b3 Nd6 22.Ke1
Kf8 23.Kd2 Ke7 24.Rc1 Rxc1 25.Kxc1 Nc8 26.Kd2 Kd6 27.Nc3 Ne7 28.Ne2 Nf5

[Event "2. Bundesliga Ost 2008/2009"]
[Site "3-5.10.Bruck,22-23.11.Poechlarn,17-18.1.Wr.Neust,28
[Date "2009.01.17"]
[Round "6"]
[Board "4"]
[White "Kuthan, Andreas"]
[Black "Weinzettl, Ernst"]
[Result "1/2-1/2"]
[WhiteElo "2201"]
[BlackElo "2249"]
[PlyCount "25"]
[EventDate "2008.10.03"]
[EventType "team"]
[EventRounds "11"]
[EventCountry "AUT"]
[WhiteTeam "ASVOE Pamhagen"]
[BlackTeam "ASVOE VHS Poechlarn"]

1.d4 Nf6 2.Nf3 e6 3.g3 c5 4.Bg2 Qa5+ 5.Nbd2 cxd4 6.O-O Nc6 7.Nb3 Qc7 8.Nbxd4 a6
9.c4 d6 10.b3 Be7 11.Bb2 O-O 12.Ng5 Ne8 13.Ne4

[Event "2. Bundesliga Ost 2008/2009"]
[Site "3-5.10.Bruck,22-23.11.Poechlarn,17-18.1.Wr.Neust,28
[Date "2009.01.17"]
[Round "6"]
[Board "5"]
[White "Mittermayr, Gerhard"]
[Black "Froschauer, Hans"]
[Result "1-0"]
[WhiteElo "2175"]
[BlackElo "2147"]
[PlyCount "125"]
[EventDate "2008.10.03"]
[EventType "team"]
[EventRounds "11"]
[EventCountry "AUT"]
[WhiteTeam "ASVOE VHS Poechlarn"]
[BlackTeam "ASVOE Pamhagen"]

1.e4 c5 2.Nf3 d6 3.d4 cxd4 4.Nxd4 Nf6 5.Nc3 a6 6.Be2 e5 7.Nb3 Be7 8.O-O O-O
9.Be3 b5 10.Nd5 Nbd7 11.Na5 Nxd5 12.Qxd5 Rb8 13.Nc6 Bb7 14.Rfd1 Nf6 15.Nxe7+
Qxe7 16.Qxd6 Qxd6 17.Rxd6 Nxe4 18.Rb6 f5 19.f3 f4 20.Bc1 Nc5 21.c4 Ba8 22.Rxb8
Rxb8 23.cxb5 axb5 24.b3 Kf7 25.Bb2 Ke6 26.Rc1 Nd7 27.Bd3 g6 28.Rc7 Kd6 29.Ra7
Bc6 30.a4 bxa4 31.Ba3+ Ke6 32.Bc4+ Kf6 33.bxa4 Rb1+ 34.Kf2 Ra1 35.Bb5 Rxa3
36.Bxc6 Ra2+ 37.Kf1 Nc5 38.h4 Ra1+ 39.Kf2 h6 40.Bd5 g5 41.Rf7+ Kg6 42.Rc7 Nd3+
43.Ke2 Nb4 44.Be4+ Kh5 45.hxg5 Kxg5 46.Rg7+ Kf6 47.Ra7 Ra2+ 48.Kf1 Nc2 49.Ra6+
Kg5 50.Rg6+ Kh5 51.Bxc2 Rxc2 52.Ra6 Kg5 53.Ra8 Ra2 54.a5 Ra1+ 55.Ke2 Ra2+ 56.Kd3
Ra3+ 57.Kc4 Kh4 58.Kb4 Ra2 59.Rg8 h5 60.Rg6 e4 61.fxe4 Re2 62.a6 Rxe4+ 63.Kb5

[Event "2. Bundesliga Ost 2008/2009"]
[Site "3-5.10.Bruck,22-23.11.Poechlarn,17-18.1.Wr.Neust,28
[Date "2009.01.17"]
[Round "6"]
[Board "6"]
[White "Bozinovic, Boban"]
[Black "Porod, Robert"]
[Result "1/2-1/2"]
[WhiteElo "2095"]
[BlackElo "2082"]
[PlyCount "57"]
[EventDate "2008.10.03"]
[EventType "team"]
[EventRounds "11"]
[EventCountry "AUT"]
[WhiteTeam "ASVOE Pamhagen"]
[BlackTeam "ASVOE VHS Poechlarn"]

1.e4 Nf6 2.e5 Nd5 3.d4 d6 4.Nf3 dxe5 5.Nxe5 e6 6.c4 Nf6 7.Nc3 Nbd7 8.Qf3 Be7
9.Bd3 Nxe5 10.dxe5 Nd7 11.Bf4 g5 12.Bg3 h5 13.h3 Nc5 14.O-O-O c6 15.Bg6 Qxd1+
16.Rxd1 fxg6 17.Ne4 Nxe4 18.Qxe4 Rg8 19.f3 c5 20.Bf2 Rb8 21.Qd3 b6 22.b4 cxb4
23.c5 Rb7 24.Qb5+ Kf7 25.c6 Rc7 26.Bxb6 Ba6 27.Qa4 axb6 28.Qxa6 Rxc6+ 29.Kb1

[Event "2. Bundesliga Ost 2008/2009"]
[Site "3-5.10.Bruck,22-23.11.Poechlarn,17-18.1.Wr.Neust,28
[Date "2009.01.17"]
[Round "6"]
[Board "1"]
[White "Schroll, Gerhard"]
[Black "Hangweyrer, Manfred"]
[Result "1-0"]
[WhiteElo "2430"]
[BlackElo "2338"]
[PlyCount "79"]
[EventDate "2008.10.03"]
[EventType "team"]
[EventRounds "11"]
[EventCountry "AUT"]
[WhiteTeam "1. Wr. Neustaedter SV"]
[BlackTeam "Austria Wien"]

1.c4 c6 2.e4 e5 3.Nf3 d6 4.d4 Bg4 5.dxe5 Bxf3 6.gxf3 dxe5 7.Qxd8+ Kxd8 8.f4 Bb4+
9.Ke2 Nd7 10.Rg1 g6 11.Bh3 Ngf6 12.fxe5 Nxe5 13.Bg5 Be7 14.Nd2 Nh5 15.Be3 c5
16.Rad1 Kc7 17.f4 Nc6 18.Nb3 Rad8 19.Bg4 Nf6 20.Bf3 b6 21.e5 Ne8 22.Rxd8 Nxd8
23.Nd2 Ne6 24.Ne4 Nd4+ 25.Bxd4 cxd4 26.Kd3 f6 27.exf6 Nxf6 28.Ng5 Bc5 29.Re1 h6
30.Ne6+ Kd6 31.Nxd4 Bxd4 32.Kxd4 g5 33.b4 gxf4 34.c5+ Kd7 35.Re2 bxc5+ 36.bxc5
Rb8 37.Ke5 Nh7 38.c6+ Kc7 39.h4 Rb4 40.Kf5